Modelli della mente e del corpo nell'opera medica di Pompeo Sacco (1634-1718) / (Registro nro. 5096)
[ vista simple ]
| 000 -CABECERA | |
|---|---|
| campo de control de longitud fija | 00896nam a22002657ib4500 |
| 001 - NÚMERO DE CONTROL | |
| campo de control | IT\ICCU\MIL\0309632 |
| 003 - IDENTIFICADOR DEL NÚMERO DE CONTROL | |
| campo de control | ItRI |
| 005 - FECHA Y HORA DE LA ÚLTIMA TRANSACCIÓN | |
| campo de control | 20190830181724.0 |
| 008 - DATOS DE LONGITUD FIJA--INFORMACIÓN GENERAL | |
| campo de control de longitud fija | 961205s1996 it |||||| ||||| |||||c |
| 020 ## - NÚMERO INTERNACIONAL ESTÁNDAR DEL LIBRO | |
| Número Internacional Estándar del Libro | 8886166311 |
| 040 ## - FUENTE DE LA CATALOGACIÓN | |
| Centro/agencia transcriptor | AR-RoIUNI |
| 041 #7 - CÓDIGO DE LENGUA | |
| Código de lengua del texto/banda sonora o título independiente | ita |
| Fuente del código | ISO-639-2 |
| 080 ## - NÚMERO DE LA CLASIFICACIÓN DECIMAL UNIVERSAL | |
| Número de la Clasificación Decimal Universal | 159.9 PEL |
| 100 1# - ENTRADA PRINCIPAL--NOMBRE DE PERSONA | |
| Nombre de persona | Peloso, Paolo Francesco |
| 245 10 - MENCIÓN DE TÍTULO | |
| Título | Modelli della mente e del corpo nell'opera medica di Pompeo Sacco (1634-1718) / |
| Mención de responsabilidad, etc. | Paolo Francesco Peloso ; memoria presentata dal s. e. Loris Premuda nell'adunanza ordinaria del 27 maggio 1995. |
| 260 ## - PUBLICACIÓN, DISTRIBUCIÓN, ETC. (PIE DE IMPRENTA) | |
| Lugar de publicación, distribución, etc. | Venezia : |
| Nombre del editor, distribuidor, etc. | Istituto veneto di scienze, lettere ed arti, |
| Fecha de publicación, distribución, etc. | 1996 |
| 300 ## - DESCRIPCIÓN FÍSICA | |
| Extensión | VIII, 148 p. : |
| Otras características físicas | ill. ; |
| Dimensiones | 24 cm. |
| 650 #7 - PUNTO DE ACCESO ADICIONAL DE MATERIA--TÉRMINO DE MATERIA | |
| Término de materia o nombre geográfico como elemento inicial | Fisiopatologia |
| 650 #7 - PUNTO DE ACCESO ADICIONAL DE MATERIA--TÉRMINO DE MATERIA | |
| Término de materia o nombre geográfico como elemento inicial | Sacco, Pompeo |
| 700 1# - PUNTO DE ACCESO ADICIONAL--NOMBRE DE PERSONA | |
| Nombre de persona | Premuda, Loris |
| Número de control de registro de autoridad | IT\ICCU\CFIV\058880 |
| 773 0# - ENLACE AL DOCUMENTO FUENTE/ENTRADA DE REGISTRO ANFITRIÓN | |
| Número de control del registro | IT\ICCU\CFI\0163476 |
| Parte(s) relacionada(s) | 37 |
| 982 #1 - EQUIVALENCIA O REFERENCIA-CRUZADA-MENCIÓN DE SERIE--NOMBRE DE CONFERENCIA O REUNIÓN/CONGRESO/TÍTULO [LOCAL, CANADÁ] | |
| Enlace | z01 |
| Nombre de congreso/reunión o jurisdicción como elemento de entrada | n |
| 942 ## - ELEMENTOS DE PUNTO DE ACCESO ADICIONAL (KOHA) | |
| Fuente del sistema de clasificación o colocación | Clasificación Decimal Universal |
| Tipo de ítem Koha | Libros |
| 981 #1 - EQUIVALENCIA O REFERENCIA-CRUZADA-MENCIÓN DE SERIE--NOMBRE DE ENTIDAD CORPORATIVA/TÍTULO [LOCAL, CANADÁ] | |
| Enlace | z01 |
| Nombre de entidad corporativa o nombre de jurisdicción como elemento de entrada | i |
| Unidad subordinada | xxxe |
| Estado de retiro | Estado de pérdida | Fuente del sistema de clasificación o colocación | Estado dañado | Excepción de préstamo | Código de colección | Localización permanente | Ubicación/localización actual | Ubicación en estantería | Fecha de adquisición | Número de inventario | Total de préstamos | Signatura topográfica completa | Código de barras | Fecha visto por última vez | Precio válido a partir de | Tipo de ítem Koha |
|---|---|---|---|---|---|---|---|---|---|---|---|---|---|---|---|---|
| Clasificación Decimal Universal | Idiomas | BIBLIOTECA CENTRAL | BIBLIOTECA CENTRAL | BIBLIOTECA CENTRAL | 30/08/2019 | 6627 | 159.9 PEL | 6627c | 30/08/2019 | 30/08/2019 | Libros |

